000 00399nam a2200169Ia 4500
001 4043
003 IN-NITTTR
005 20251114232954.0
008 251113s9999||||xx |||||||||||||| ||eng||
040 _beng
040 _cIN-NITTTR
041 _aeng
082 _a389 H88P
100 _aSharp. G. H.,
245 0 _aPractical metrology :
_b complete in one volume /
_cSharp. G. H.
942 _2ddc
_cBK
999 _c6518
_d6518